MARC

LEADER 00000nam0a2200000 4500
001 16162
005 20241126063147.0
010 |a 5244000756 
035 |a (RuTPU)RU\TPU\book\16284 
035 |a BOOK00016353 
090 |a 16162 
100 |a 20011209d1988 k y0rusy50 ca 
101 0 |a rus 
102 |a RU 
105 |a y z 000zd 
200 1 |a История России с древнейших времен, Т. 3-4 
210 |d 1988 
215 |a 765 с. 
461 |t Сочинения  |o В 18-ти кн.  |f С. М. Соловьев  |v Кн. 2  |d 1988-2000 
600 0 |a Василий Темный  |d II  |c великий князь московский  |f 1415-1462  |2 stltpui  |3 (RuTPU)RU\TPU\pers\69 
600 0 |a Александр Невский  |c князь новгородский (1236-51)  |c князь владимирский (с 1252 г.)  |f 1219-1263  |2 stltpush  |3 (RuTPU)RU\TPU\pers\5915 
600 0 |a Дмитрий Донской  |c великий князь владимирский и московский  |f 1350-1389  |2 stltpush  |3 (RuTPU)RU\TPU\pers\9952 
600 0 |a Иван Калита  |d I  |f до 1296-1340  |c великий князь московский  |c великий князь владимирский  |2 stltpui  |3 (RuTPU)RU\TPU\pers\1413 
600 0 |a Василий  |d I  |c великий князь московский  |f 1371-1425  |2 stltpush  |3 (RuTPU)RU\TPU\pers\10101 
600 0 |a Мстислав Мстиславович Удалой  |c русский князь  |f ?-1228  |c Торопецкий  |2 stltpush  |3 (RuTPU)RU\TPU\pers\10095 
606 |a Россия  |x История  |7 ca  |8 rus  |9 81526 
610 1 |a 12 век 
610 1 |a 13 век 
610 1 |a 14 век 
610 1 |a 15 век 
610 1 |a славяне 
610 1 |a Древняя Русь 
610 1 |a великие русские князья 
610 1 |a князья русские 
610 1 |a монголо-татарское нашествие 
610 1 |a Московское княжество 
686 |a Т3(2)  |2 rubbk 
801 0 |a RU  |b 63413507  |c 20011209  |g PSBO 
801 2 |a RU  |b 63413507  |c 20150312  |g PSBO 
942 |c BK